States and Countries Hosting a Wrestlemania Event - Statistics

General Stats
  • This quiz has been taken 336 times
    18 since last reset
  • The average score is 13 of 18
Answer Stats
Events State % Correct
5 Florida
100%
1 Washington
100%
7 California
92%
4 New York
92%
2 Canada
85%
1 Georgia
85%
4 Texas
85%
1 Massachusetts
77%
3 Nevada
77%
4 New Jersey
77%
2 Pennsylvania
77%
1 Arizona
69%
3 Illinois
62%
2 Louisiana
62%
2 Michigan
62%
1 Saudi Arabia
54%
1 Indiana
46%
1 Connecticut
38%
No matching quizzes found
Score Distribution
Percent of People with Each Score
Percentile by Number Answered
Your Score History
You have not taken this quiz since the last reset